000 00594nam a22002537a 4500
003 UA-OsUOA
001 29118
007 ta
008 20050602b un ||||| |||| 00| 0 ukr d
100 _aБуганов В. И.
090 _a94(47+571)
_bБ90
942 _cBK
040 _aUA-OsUOA
_brus
_cUA-OsUOA
_dUA-OsUOA
245 _aПетр Великий и его время
300 _a192 с.
955 _a0
041 _arus
080 _a94(47+571)
020 _a5-02-009471-4
260 _aМосква
_bНаука
_c1989
044 _aRU
650 7 _2UDC
999 _c315499
_d315499